MDQL
is popping MORE tags! Check the
thread
!
Quizzes
Events
Quiz Creation
Community
Videos
Private Events
Remove Ads
Sign In
Join for FREE
Feedback
Dark Mode
Quiz Categories
Sports
Geography
Music
Movies
Television
Just For Fun
Miscellaneous
History
Literature
Language
Science
Gaming
Entertainment
Religion
Holiday
For Kids
Quiz Lab
Recent
Popular Today
Quiz Kudos Today
Editor Picks
Curator Picks
Quizzes by...
Day
Popularity
Type
Ratings
Length
Year
Community
Subscriptions
Recent Discussions
Orange Saloon
Badges
Playlists
Quests
Create
Leaderboards
Showdown
Live 5
Trivia Bingo
Activity
Puzzle Library
Sporcle Events
Private Events
Virtual Trivia
Globe League
Become a Host
Pub Owners
SporcleCon
Opinionation
Our Games
Videos
Blog
Mobile Apps
Partnerships
Remove Ads and Go Orange
Feedback
Miscellaneous
Crossword
General Knowledge
Baby Names
Logo
Food
Cars
Numbers
Grab Bag
University
College
Popular
Company
Slogans
Restaurants
Justice
Letter
Miscellaneous
Crossword
General Knowledge
Baby Names
Logo
Food
Cars
Numbers
Grab Bag
University
College
Popular
Company
Slogans
Restaurants
Justice
Letter
Random Quiz
Search Sporcle
×
Quiz Lab
Quiz Lab
Miscellaneous
United Kingdom
Type in answers that appear in a list
Type in answers that appear in a list
Classic
Best Score? Go Orange.
Top UK Girls Names 2012 Stats
Can you name the top UK girls names of 2012?
By
jessicastoyle
10m
100 Questions
747 Plays
747 Plays
747 Plays
Comments
Comments
Give Quiz Kudos
Give Quiz Kudos
-
- Ratings
hide this ad
Replay
Link that replays current quiz
Next Quiz
Link to next quiz in quiz playlist
You Got
0%
They Got
Avg Score
65%
Avg Friend Score
Upgrade to see
Score Distribution
Jump to the score distribution portion of the page
Score
0/100
Timer
10:00
0
Plays Today
Rank
Name
% Correct
3
Emily
89.4%
7
Olivia
88.8%
21
Emma
88.8%
42
Anna
88.4%
14
Charlotte
85.5%
6
Sophie
85.1%
43
Eliza
85%
8
Jessica
84.2%
30
Hannah
83.5%
1
Amelia
83.4%
96
Sara
82.3%
4
Sophia
81.8%
15
Grace
81.5%
36
Amy
81.5%
53
Elizabeth
81.5%
12
Isabella
81.1%
2
Lily
81%
78
Beth
81%
58
Ellie
80.9%
66
Rose
80.7%
70
Katie
80.3%
31
Eva
80.2%
9
Chloe
79.9%
19
Ella
79.3%
34
Daisy
78.3%
90
Sarah
78.2%
18
Lucy
77.8%
22
Molly
77.5%
60
Rosie
77.2%
20
Holly
77.1%
10
Mia
77%
28
Alice
76.2%
5
Isabelle
76%
26
Ruby
75.6%
Rank
Name
% Correct
13
Ava
75.2%
17
Poppy
74.6%
97
Bella
73.4%
85
Rebecca
72.8%
65
Bethany
72.2%
16
Evie
71.8%
35
Abigail
71.2%
33
Millie
71.1%
72
Lauren
71.1%
37
Zoe
69.9%
50
Eleanor
68.5%
11
Isla
67.7%
64
Georgia
67.7%
25
Freya
66.3%
38
Megan
65.3%
95
Annie
63.7%
39
Maisie
63.2%
54
Leah
63.2%
67
Evelyn
63.1%
79
Alexandra
62.9%
81
Harriet
62.9%
59
Zara
62.8%
24
Erin
62.2%
52
Lola
60.9%
41
Maya
60.6%
74
Gracie
60.6%
63
Amber
60.1%
23
Annabelle
60%
32
Imogen
59.7%
45
Amelie
59.3%
27
Scarlett
59.2%
47
Florence
58.5%
46
Jasmine
58%
49
Madison
56.9%
Rank
Name
% Correct
57
Elsie
56.8%
77
Faith
56%
55
Matilda
55.8%
92
Nicole
55.7%
40
Phoebe
55.4%
68
Lexi
55.4%
82
Violet
55.4%
91
Clara
55.4%
88
Tilly
54.8%
29
Layla
53.7%
48
Sienna
53.5%
98
Francesca
53.4%
56
Summer
53%
62
Esme
52.6%
84
Martha
51.1%
76
Willow
50.7%
87
Gabriella
50.5%
80
Iris
50.3%
69
Niamh
49.3%
44
Caitlin
48.3%
99
Elena
46.5%
73
Heidi
44.4%
93
Elise
44%
83
Lara
43.9%
51
Darcey
43.6%
75
Skye
42.4%
61
Kayla
41.1%
89
Naomi
41%
86
Seren
40.6%
100
Libby
40.6%
71
Alyssa
39.6%
94
Mila
32.8%
Quiz Playlist
Details
Report
Send in Message
Add To Playlist
Classic:
Type in answers that appear in a list
Quiz Source
Last Updated: Feb 16, 2017
Quiz Scoreboard
CHALLENGE
Sign Up to Join the Scoreboard
Show All
Scores
Hide
Comments
May contain spoilers
Recently Published
1-10 Letter E Words III
by El_Dandy
Language
2m
Street Fighter Characters
by Artimus82
Gaming
60s
College Basketball Coaching Resumes
by pancakes188
Sports
9m
More to Explore
Quiz From the Vault
Featured Blog Post
Where Did the Easter Bunny Come From?
hide this ad
You Might Also Like...
Tags
United Kingdom Quiz
2012
Baby Girl
girl
Girl Names
Girls Names
name
UK
UK Baby
Today's Top Quizzes in Miscellaneous
Browse Miscellaneous
hide this ad
Today's Top Quizzes in United Kingdom
Browse United Kingdom
Top Contributed Quizzes in Miscellaneous
1
5-to-1: Fast Food
2
The JOE quick-fire general knowledge quiz: Day 174
3
The JOE quick-fire general knowledge quiz: Day 173
4
5-to-1: Cocktails
5
The JOE quick-fire general knowledge quiz: Day 172
6
9x9 Crossword: Disney Movie Titles
7
9x9 Crossword: Charlie and the Chocolate Factory
8
Sunday Crossword: Famous Bodies of Water
9
9x9 Crossword: Flags
10
The JOE quick-fire general knowledge quiz: Day 171
Explore More
Trending Topics
Crossword
Marvel
Anime
Disney
Harry Potter
NBA
Kpop
Country
The Office
WWE
Song
Pokémon
Soccer
Puzzle
NFL
hide this ad
More By:
jessicastoyle
Quiz
Plays
Rating
Category
Featured
Created
Top UK Girls Names 2011
141
4.50
Miscellaneous
Feb 3, 2013
Top UK Girls Names 2012
747
4.75
Miscellaneous
Feb 3, 2013
Top UK Boys Names 2012
546
5.00
Miscellaneous
Feb 18, 2013
Top UK Boys Names 2011
185
5.00
Miscellaneous
Feb 3, 2013
Top UK Girls Names 2011
141
4.50
Miscellaneous
Feb 3, 2013
Go to Creator's Profile
Score Distribution
Quiz Creator Spotlight
jessicastoyle
Follow
Send a Message
Quizzes Created
-
Created Quiz Play Count
-
More By This Creator
Popular Quizzes Today
1
Find the US States - No Outlines Minefield
2
Find the Countries of Europe - No Outlines Minefield
3
The Countries of the World
4
Find the US States
5
Risky Map Clicking: Biggest States A-Z
6
US States
7
Popular People in 1961
8
Movies - When Are They Set?
More Miscellaneous Quizzes
Enormous Crossword: Figure Out the Lyrics
Curator's Pick
Trending Quizzes
Risky Map Clicking: Least Populous States A-Z
1-10 Letter G Words
1-10 Letter F Words
Countries of the World: 200 Million BC
Risky Map Clicking: Next State Alphabetically
Recently Updated
Most Oscar Losses (Acting)
pecheneg
Beyoncé Albums
pecheneg
Leaping Animals
pecheneg
Reality TV Shows (A-Z)
bhenderson79
Rickey Henderson's Hall of Fame Teammates
pecheneg
Champions League XIs: Arsenal
pecheneg
Quick Pick: Celebrities in WWE's Hall of Fame
aduchscher
A-Z Keypad Blitz II
pecheneg
Multiple Oscar Actors
pecheneg
Mystery Phrase Blitz: Oscar 'Best Actors'
pecheneg
Trending Topics
Anime
Disney
Kpop
Crossword
Marvel
Harry Potter
NBA
Pokémon
Country
The Office
Song
Soccer
NFL
Puzzle
WWE
Your Account Isn't Verified!
In order to create a playlist on Sporcle, you need to verify the email address you used during registration. Go to your
Sporcle Settings
to finish the process.
Report this User
Report this user for behavior that violates our
Community Guidelines
.
Details:
Send Report
Go to the Sporcle.com Mobile Site →
Comments